000 00420nam a2200181Ia 4500
001 10370
005 20260306161827.0
008 260306t2010||||xx |||||||||||||| ||spa||
041 _aESP
082 _a922.2
_bK44
100 _aKer, Ian
_eAUT
245 0 _aJohn Henry Newman:
_buna biografía
260 _c2010
300 _a793 páginas :
_c24 cm.
650 _aGEN
654 _aCHU
942 _cLIB
_dJUS
_fJUS
_2ddc
_n
999 _c10370
_d10370